[Event "104th ch-GBR 2017"]
[Site "Llandudno WLS"]
[Date "2017.08.02"]
[Round "5.47"]
[White "Taylor, William J"]
[Black "Golding, James"]
[Result "1/2-1/2"]
[WhiteElo "2048"]
[BlackElo "1942"]
[WhiteFideId "423130"]
[BlackFideId "427250"]
[EventDate "2017.07.29"]

1. e4 e5 2. Nf3 Nc6 3. Bb5 a6 4. Ba4 Nf6 5. O-O b5 6. Bb3 Bc5 7. a4 Rb8 8. Nxe5
Nxe5 9. d4 Bxd4 10. Qxd4 d6 11. f4 c5 12. Qd1 Nc6 13. e5 dxe5 14. Qxd8+ Kxd8 15.
axb5 axb5 16. fxe5 Nxe5 17. Bf4 Nfd7 18. Bxf7 Rb6 19. Bd5 Re8 20. Nc3 h6 21.
Rfe1 Ba6 22. Nxb5 Rxb5 23. Rxa6 Nf3+ 24. Bxf3 Rxe1+ 25. Kf2 Rb1 26. Rd6 R5xb2
27. Bc6 Rb7 28. Bxb7 Rxb7 29. h4 Ke7 30. Rd2 1/2-1/2

[Event "104th ch-GBR 2017"]
[Site "Llandudno WLS"]
[Date "2017.08.02"]
[Round "5.48"]
[White "Humphreys, Jerry G"]
[Black "Shepherd, Katherine M"]
[Result "1/2-1/2"]
[WhiteElo "2041"]
[BlackElo "1929"]
[WhiteFideId "408158"]
[BlackFideId "412031"]
[EventDate "2017.07.29"]

1. c4 c6 2. Nf3 d5 3. g3 Bg4 4. Bg2 e6 5. cxd5 Bxf3 6. Bxf3 cxd5 7. Nc3 Nf6 8.
d4 Nc6 9. O-O Qb6 10. e3 Rc8 11. Qe2 Be7 12. Bd2 O-O 13. Rfd1 Qc7 14. Rac1 b6
15. Bg2 Rfd8 16. Be1 Qb8 17. f3 Ne8 18. Bf2 Bf6 19. a3 Na5 20. Qd3 Nc4 21. Qb1
Bg5 22. f4 Be7 23. e4 dxe4 24. Bxe4 Nf6 25. Bg2 Ng4 26. Bf3 1/2-1/2

[Event "104th ch-GBR 2017"]
[Site "Llandudno WLS"]
[Date "2017.08.02"]
[Round "5.49"]
[White "Cocks, Elliot"]
[Black "Munshi, Aditya"]
[Result "0-1"]
[WhiteElo "2036"]
[BlackElo "1901"]
[WhiteFideId "444545"]
[BlackFideId "436720"]
[EventDate "2017.07.29"]

1. d4 Nf6 2. c4 e6 3. Nc3 Bb4 4. f3 c5 5. d5 d6 6. e4 b5 7. Bg5 h6 8. Bh4 a6 9.
Bd3 exd5 10. cxd5 c4 11. Bc2 Bc5 12. Nge2 Qb6 13. a4 b4 14. a5 Qa7 15. Na4 Be3
16. Nb6 Bxb6 17. axb6 Qxb6 18. Bf2 Qc7 19. O-O Nbd7 20. Nd4 O-O 21. Bg3 b3 22.
Bb1 Nh5 23. Bf2 Ne5 24. Be3 Nf6 25. h3 Re8 26. Qd2 a5 27. Rc1 Ba6 28. Nxb3 a4
29. Nd4 Qb7 30. Nf5 Red8 31. Rxa4 Ne8 32. Rb4 Qd7 33. Bc2 Bb5 34. Qc3 Rdc8 35.
Bd4 Nd3 36. Bxd3 cxd3 37. Qxc8 Rxc8 38. Rxc8 Qxc8 39. Ne7+ Kh7 40. Nxc8 d2 41.
Rxb5 d1=Q+ 42. Kh2 Qxd4 0-1

[Event "104th ch-GBR 2017"]
[Site "Llandudno WLS"]
[Date "2017.08.02"]
[Round "5.50"]
[White "Garnett, John S"]
[Black "Modi, Shyam Jagdish"]
[Result "0-1"]
[WhiteElo "2005"]
[BlackElo "1908"]
[WhiteFideId "410829"]
[BlackFideId "446025"]
[EventDate "2017.07.29"]

1. d4 Nf6 2. Bg5 Ne4 3. Bf4 c5 4. d5 Qb6 5. Nd2 Qxb2 6. Nxe4 Qb4+ 7. c3 Qxe4 8.
e3 e6 9. c4 g5 10. Nf3 Qg6 11. Bd3 f5 12. Bxg5 Bg7 13. dxe6 dxe6 14. Rb1 e5 15.
Bc2 O-O 16. Be7 Re8 17. Bxc5 Na6 18. Ba3 Be6 19. Rxb7 Rad8 20. Qe2 e4 21. Nh4
Bc3+ 22. Kf1 Qg5 23. g3 Rd2 24. Qe1 Rxc2 25. Qb1 Bxc4+ 26. Kg2 Rxa2 27. Bd6 Qf6
28. Bf4 Ra4 29. Rxa7 Rb4 30. Qd1 Bf7 31. Qc2 Rc8 32. Rd1 Bb3 33. Qxc3 Qxc3 34.
Rdd7 Nc5 35. Rxh7 Ne6 36. Bd6 Rb6 37. Nxf5 Rxd6 38. Raf7 Nf4+ 0-1

[Event "104th ch-GBR 2017"]
[Site "Llandudno WLS"]
[Date "2017.08.02"]
[Round "5.51"]
[White "Howell, Oliver W"]
[Black "Davis, Lee"]
[Result "1/2-1/2"]
[WhiteElo "1701"]
[BlackElo "1952"]
[WhiteFideId "435929"]
[BlackFideId "1801325"]
[EventDate "2017.07.29"]

1. Nf3 c5 2. c4 Nc6 3. g3 g6 4. Bg2 Bg7 5. O-O Nf6 6. Nc3 O-O 7. d4 cxd4 8. Nxd4
Nxd4 9. Qxd4 d6 10. Qh4 a6 11. Bh6 Bxh6 12. Qxh6 Rb8 13. Rfc1 Qb6 14. Qd2 Be6
15. Nd5 Nxd5 1/2-1/2

[Event "104th ch-GBR 2017"]
[Site "Llandudno WLS"]
[Date "2017.08.03"]
[Round "6.1"]
[White "McShane, Luke J"]
[Black "Howell, David W L"]
[Result "1-0"]
[WhiteTitle "GM"]
[BlackTitle "GM"]
[WhiteElo "2644"]
[BlackElo "2702"]
[WhiteFideId "404853"]
[BlackFideId "410608"]
[EventDate "2017.07.29"]

1. e4 e6 2. d4 d5 3. Nd2 c5 4. Ngf3 cxd4 5. Nxd4 Nc6 6. Bb5 Bd7 7. Nxc6 bxc6 8.
Bd3 Qc7 9. Qe2 Bd6 10. Nf3 dxe4 11. Qxe4 Nf6 12. Qh4 h6 13. Bd2 c5 14. O-O-O Rb8
15. Rhe1 Bc6 16. Bc3 Bxf3 17. gxf3 Bf4+ 18. Kb1 Ke7 19. b3 Rhd8 20. Bb2 Rd5 21.
Re4 Rf5 22. Ra4 Rd8 23. Rg1 Rg5 24. Re1 Nh5 25. Bxg7 Nxg7 26. Rxf4 Kf8 27. Rg4
Rxg4 28. fxg4 Rd4 29. Qxh6 Rxg4 30. h3 c4 31. hxg4 cxd3 32. cxd3 Qc3 33. Qe3 Ne8
34. Rc1 Qg7 35. g5 Qh7 36. Qe4 Qh2 37. Qb4+ Kg7 38. Qd4+ e5 39. Qxa7 Nd6 40. Qe7
e4 41. dxe4 Qf4 42. Qf6+ 1-0

[Event "104th ch-GBR 2017"]
[Site "Llandudno WLS"]
[Date "2017.08.03"]
[Round "6.2"]
[White "Jones, Gawain C B"]
[Black "Hanley, Craig A"]
[Result "1/2-1/2"]
[WhiteTitle "GM"]
[BlackTitle "IM"]
[WhiteElo "2660"]
[BlackElo "2441"]
[WhiteFideId "409561"]
[BlackFideId "408514"]
[EventDate "2017.07.29"]

1. e4 c5 2. Nf3 a6 3. c4 e6 4. Nc3 Qc7 5. d4 cxd4 6. Nxd4 b6 7. Be3 Bb7 8. Bd3
Nf6 9. O-O d6 10. Rc1 Be7 11. f4 Nbd7 12. b4 g6 13. Qf3 O-O 14. Qh3 Rfe8 15.
Nxe6 fxe6 16. Qxe6+ Kg7 17. Bd4 Bf8 18. Qh3 Kg8 19. Nd5 Qd8 20. f5 g5 21. Qg3
Bxd5 22. Qxg5+ Bg7 23. cxd5 Ne5 24. Bb1 b5 25. h3 Rc8 26. Rxc8 Qxc8 27. Rc1 Qd8
28. Rc3 Nf7 29. Qd2 Nh5 30. Bxg7 Kxg7 31. g4 Nf6 32. g5 Qb6+ 33. Kh2 Nxe4 34.
f6+ Kf8 35. Bxe4 Rxe4 36. Rc8+ Re8 37. Qc2 Nxg5 38. Rxe8+ Kxe8 39. Qe2+ Kf7 40.
h4 Kxf6 41. hxg5+ Kxg5 42. Qe7+ Kf4 43. Kg2 h6 44. Qh4+ Kf5 45. Kf3 Qc7 46. Qh5+
Kf6 47. Qxh6+ Kf5 48. Qh5+ Kf6 49. Qh4+ Kg7 50. Qg5+ Kf7 51. Qf5+ Kg7 52. Qg4+
Kf7 53. Qe6+ Kg7 54. Kg4 Qc4+ 55. Kh5 Qxb4 56. Qd7+ Kf8 57. Qc8+ Kf7 58. Qxa6
Qc5 59. Qa8 Qf2 60. Kg4 1/2-1/2

[Event "104th ch-GBR 2017"]
[Site "Llandudno WLS"]
[Date "2017.08.03"]
[Round "6.3"]
[White "Ghasi, Ameet K"]
[Black "Hawkins, Jonathan"]
[Result "0-1"]
[WhiteTitle "IM"]
[BlackTitle "GM"]
[WhiteElo "2467"]
[BlackElo "2582"]
[WhiteFideId "409200"]
[BlackFideId "412686"]
[EventDate "2017.07.29"]

1. Nf3 c5 2. g3 g6 3. Bg2 Bg7 4. O-O Nc6 5. c3 e5 6. e4 Nge7 7. d3 O-O 8. a3 d6
9. b4 b6 10. Nbd2 h6 11. Nb3 a6 12. Nfd2 f5 13. a4 cxb4 14. cxb4 Nxb4 15. Ba3 a5
16. Bxb4 axb4 17. exf5 Bxf5 18. Bxa8 Qxa8 19. Re1 Bxd3 20. Nc1 Bf5 21. Qb3+ Nd5
22. Ne4 Be6 23. f3 Qc8 24. Ne2 Qa6 25. Nxd6 e4 26. Nb5 exf3 27. Nf4 f2+ 28. Kxf2
Nxf4 0-1

[Event "104th ch-GBR 2017"]
[Site "Llandudno WLS"]
[Date "2017.08.03"]
[Round "6.4"]
[White "Adair, James R"]
[Black "Gormally, Daniel W"]
[Result "0-1"]
[WhiteTitle "IM"]
[BlackTitle "GM"]
[WhiteElo "2481"]
[BlackElo "2462"]
[WhiteFideId "406252"]
[BlackFideId "406465"]
[EventDate "2017.07.29"]

1. e4 c5 2. Nf3 d6 3. d4 cxd4 4. Nxd4 Nf6 5. Nc3 a6 6. Be3 e5 7. Nb3 Be6 8. f3
h5 9. Nd5 Bxd5 10. exd5 Nbd7 11. Qd2 g6 12. Be2 Bg7 13. Na5 Qc7 14. c4 O-O 15.
O-O e4 16. f4 Ng4 17. Bxg4 hxg4 18. Rad1 Nc5 19. f5 gxf5 20. Rxf5 Rae8 21. b4
Nd3 22. c5 Qd7 23. Rdf1 Re5 24. c6 bxc6 25. Nxc6 Rxf5 26. Rxf5 Ne5 27. Bh6 Ng6
28. Rh5 Re8 29. Bxg7 e3 30. Qb2 e2 31. Bc3 e1=R+ 32. Bxe1 Rxe1+ 33. Kf2 Qe8 34.
Qd2 Ra1 35. h3 Qe4 36. hxg4 Nf4 37. Kg3 Nxh5+ 38. gxh5 f6 39. Qf4 Qe1+ 40. Kg4
Rxa2 41. Qg3 Qe4+ 42. Kh3+ Kh7 43. Qf3 Qxf3+ 44. gxf3 Rd2 45. Nb8 Rxd5 46. Nxa6
Rxh5+ 47. Kg4 Kg6 48. Nc7 f5+ 49. Kg3 Rh7 50. Nd5 Rb7 51. Kf4 Rb5 52. Ne7+ Kf6
53. Nc6 Rb6 54. Nd4 Rxb4 55. Ke3 Rxd4 56. Kxd4 Kg5 57. Kd5 Kf4 58. Ke6 d5 0-1

[Event "104th ch-GBR 2017"]
[Site "Llandudno WLS"]
[Date "2017.08.03"]
[Round "6.5"]
[White "Emms, John M"]
[Black "Merry, Alan B"]
[Result "1-0"]
[WhiteTitle "GM"]
[BlackTitle "IM"]
[WhiteElo "2468"]
[BlackElo "2427"]
[WhiteFideId "400254"]
[BlackFideId "418811"]
[EventDate "2017.07.29"]

1. e4 d5 2. exd5 Qxd5 3. Nf3 Bg4 4. Be2 Nc6 5. O-O O-O-O 6. h3 Bxf3 7. Bxf3 Qd7
8. c3 Ne5 9. d4 Nxf3+ 10. Qxf3 Nf6 11. Re1 e6 12. Nd2 Qd5 13. Qe2 Qh5 14. Qxh5
Nxh5 15. Nf3 Be7 16. Ne5 Rhf8 17. Be3 Nf6 18. Rad1 Nd7 19. f4 Nb6 20. Kf2 Nd5
21. Bc1 c6 22. Kf3 Bd6 23. a3 Bxe5 24. fxe5 b5 25. Kg3 Rd7 26. Re4 g6 27. Bh6
Rg8 28. Bg5 Kb7 29. Rf1 Rc8 30. Re2 a5 31. Ref2 Rcc7 32. Rf3 a4 33. Bh6 Nb6 34.
Bf8 Ka6 35. R1f2 Nc4 36. Bc5 Na5 37. Bd6 Rb7 38. Kg4 Nb3 39. Kg5 Kb6 40. Kh6 c5
41. dxc5+ Nxc5 42. Bxc5+ Kxc5 43. g4 Kd5 44. Re3 Kc4 45. h4 Rd3 46. Rf4+ 1-0

[Event "104th ch-GBR 2017"]
[Site "Llandudno WLS"]
[Date "2017.08.03"]
[Round "6.6"]
[White "Wells, Peter K"]
[Black "Zhou, Yang-Fan"]
[Result "1/2-1/2"]
[WhiteTitle "GM"]
[BlackTitle "IM"]
[WhiteElo "2434"]
[BlackElo "2468"]
[WhiteFideId "400327"]
[BlackFideId "468584"]
[EventDate "2017.07.29"]

1. e4 c5 2. c3 Nf6 3. e5 Nd5 4. Nf3 e6 5. g3 d6 6. exd6 Bxd6 7. Bg2 Nc6 8. O-O
O-O 9. Re1 Bd7 10. Na3 a6 11. Nc4 Bc7 12. d3 Rc8 13. a4 h6 14. Nfd2 b5 15. axb5
axb5 16. Ne3 Nxe3 17. Rxe3 Ne7 18. Re1 Bc6 19. Bxc6 Nxc6 20. Nf3 Qd5 21. Be3
Rfd8 22. Qe2 Na5 23. Rad1 Bb8 24. d4 c4 25. Nd2 Nc6 26. Qg4 f5 27. Qh5 Ne7 28.
Nf3 f4 29. Qxd5 Nxd5 30. Bc1 Kf7 31. Re4 b4 32. cxb4 c3 33. Rde1 c2 34. Rxe6
Nxb4 35. Re7+ Kf8 36. Rb7 Bd6 37. Ne5 fxg3 38. hxg3 Bxe5 39. Rxe5 Rxd4 40. Ree7
Rd1+ 41. Kg2 Rxc1 42. Rf7+ Kg8 43. Rxg7+ Kh8 44. Rh7+ 1/2-1/2

[Event "104th ch-GBR 2017"]
[Site "Llandudno WLS"]
[Date "2017.08.03"]
[Round "6.7"]
[White "Eggleston, David J"]
[Black "Palliser, Richard J D"]
[Result "1/2-1/2"]
[WhiteTitle "IM"]
[BlackTitle "IM"]
[WhiteElo "2394"]
[BlackElo "2408"]
[WhiteFideId "412120"]
[BlackFideId "407372"]
[EventDate "2017.07.29"]

1. e4 g6 2. d4 Bg7 3. Nc3 c6 4. Nf3 d6 5. Be3 Nf6 6. h3 O-O 7. Bd3 Nbd7 8. O-O
e5 9. Qd2 exd4 10. Nxd4 Re8 11. Bh6 Bxh6 12. Qxh6 Nc5 13. Nf3 Qe7 14. Rfe1 Qf8
15. Qd2 Be6 16. b4 Ncd7 17. Nd4 Ne5 18. f4 Qh6 19. Qf2 Nxd3 20. cxd3 Nh5 21. Rf1
f5 22. Qh4 Qg7 23. Nxe6 Rxe6 24. exf5 gxf5 25. Qxh5 Qxc3 26. Qxf5 Rae8 27. Qg4+
Rg6 28. Qf3 Qd4+ 29. Kh2 Re3 30. Qf2 Rxd3 31. Qxd4 Rxd4 32. f5 Rg5 33. g4 h5 34.
Rad1 Rxd1 35. Rxd1 hxg4 36. Rxd6 gxh3 37. Rd8+ Kf7 38. Kxh3 Rxf5 39. Rd7+ Ke6
40. Rxb7 a5 41. Kg4 axb4 42. Rxb4 Rf2 43. Rb1 Rxa2 44. Kf4 Rd2 45. Ke3 Rd5 46.
Rb4 Kd6 47. Rd4 Kc5 48. Rxd5+ cxd5 49. Kd3 d4 50. Kd2 Kc4 51. Kc2 d3+ 52. Kd2
Kd4 53. Kd1 Ke3 54. Ke1 d2+ 55. Kd1 Kd3 1/2-1/2

[Event "104th ch-GBR 2017"]
[Site "Llandudno WLS"]
[Date "2017.08.03"]
[Round "6.8"]
[White "Merriman, John"]
[Black "Pert, Nicholas"]
[Result "0-1"]
[BlackTitle "GM"]
[WhiteElo "2221"]
[BlackElo "2558"]
[WhiteFideId "402362"]
[BlackFideId "403989"]
[EventDate "2017.07.29"]

1. d4 d5 2. c4 c6 3. Nc3 Nf6 4. e3 Bf5 5. Nf3 e6 6. Bd3 Bxd3 7. Qxd3 Nbd7 8. O-O
Bb4 9. a3 Bxc3 10. Qxc3 O-O 11. b3 Ne4 12. Qc2 Rc8 13. Bb2 b5 14. c5 a5 15. Ne1
f6 16. Nd3 Qc7 17. Rae1 e5 18. f3 Ng5 19. f4 e4 20. fxg5 exd3 21. Qxd3 fxg5 22.
e4 Nf6 23. exd5 Nxd5 24. Bc1 h6 25. Bd2 Rce8 26. Qg6 Rxe1 27. Rxe1 a4 28. bxa4
bxa4 29. Re8 Nf6 30. Rxf8+ Kxf8 31. Qf5 Qd8 32. Be3 Kf7 33. h3 Qd5 34. Qc2 Qe4
35. Qc4+ Nd5 36. Bf2 Kf6 37. Qf1 Kg6 38. Kh2 h5 39. Bg3 Qxd4 40. Qb1+ Kh6 41.
Qb8 Qe4 42. Be5 Kh7 43. Qe8 Nf4 0-1

[Event "104th ch-GBR 2017"]
[Site "Llandudno WLS"]
[Date "2017.08.03"]
[Round "6.9"]
[White "Moore, Graham J"]
[Black "Houska, Jovanka"]
[Result "0-1"]
[BlackTitle "IM"]
[WhiteElo "2155"]
[BlackElo "2402"]
[WhiteFideId "441988"]
[BlackFideId "405094"]
[EventDate "2017.07.29"]

1. e4 c6 2. d4 d5 3. Nc3 dxe4 4. Nxe4 Bf5 5. Ng3 Bg6 6. h4 h6 7. Nf3 e6 8. Ne5
Bh7 9. Bd3 Bxd3 10. Qxd3 Nd7 11. f4 Be7 12. Bd2 Nxe5 13. fxe5 Bxh4 14. O-O-O
Bxg3 15. Qxg3 Ne7 16. Bg5 Nf5 17. Qf4 Qc7 18. g4 Ne7 19. Bxe7 Qxe7 20. g5 h5 21.
Rdf1 O-O-O 22. Qxf7 Qxg5+ 23. Kb1 Rxd4 24. Rhg1 Rhd8 25. Qxe6+ Kb8 26. a3 Rg4
27. Rxg4 hxg4 28. Rf8 Rxf8 29. Qd6+ Kc8 30. Qxf8+ Kd7 31. Qd6+ Ke8 32. b3 Qe7
33. Qg6+ Kd8 34. e6 Kc7 35. Qxg4 Kd6 36. a4 g5 37. a5 a6 38. Ka2 Ke5 39. c3 Kf6
40. Qh3 Qg7 41. Qg4 Qc7 42. b4 Qe5 43. Kb2 Qxe6 44. Qd4+ Kg6 45. Qd3+ Kh6 46.
Qg3 g4 47. Qb8 Kg5 48. Qxb7 g3 49. Qg7+ Kf4 50. Qd4+ Kf3 51. Qd3+ Kf2 52. Qd4+
Qe3 53. Qf6+ Ke1 54. Qg6 Qe2+ 55. Kc1 Qd2+ 56. Kb1 g2 57. Qe4+ Qe2 58. Qh4+ Kd2
59. Qf6 0-1

[Event "104th ch-GBR 2017"]
[Site "Llandudno WLS"]
[Date "2017.08.03"]
[Round "6.10"]
[White "Murphy, Conor E"]
[Black "Longson, Alexander"]
[Result "1-0"]
[BlackTitle "FM"]
[WhiteElo "2154"]
[BlackElo "2323"]
[WhiteFideId "421669"]
[BlackFideId "408093"]
[EventDate "2017.07.29"]

1. Nf3 d5 2. g3 Nf6 3. Bg2 e6 4. O-O Be7 5. b3 c5 6. c4 O-O 7. Bb2 d4 8. b4 Nc6
9. b5 Na5 10. d3 Bd6 11. e3 e5 12. exd4 exd4 13. Re1 h6 14. Nbd2 Bf5 15. Nb3
Nxb3 16. axb3 Qb6 17. b4 Rfe8 18. h3 a6 19. Rxe8+ Rxe8 20. Nh4 Bc8 21. bxc5 Bxc5
22. bxa6 bxa6 23. Ba3 Bxa3 24. Rxa3 Qb4 25. Rb3 Re1+ 26. Kh2 Rxd1 27. Rxb4 Bd7
28. c5 Rxd3 29. c6 Be6 30. Nf3 Rc3 31. Nxd4 Bd5 32. Ra4 Bxg2 33. Kxg2 Nd5 34.
Rxa6 Nc7 35. Ra7 Rc4 36. Rxc7 Rxd4 37. Rd7 Rc4 38. c7 Kh7 39. Rxf7 Rc3 40. Kf1
Kg6 41. Rd7 Kf6 42. Ke2 g5 43. Kd2 Rc6 44. Kd3 Ke5 45. Re7+ Kf6 46. Rh7 Ke5 47.
g4 Rc1 48. Rxh6 Rxc7 49. Rg6 Kf4 50. Rf6+ 1-0

[Event "104th ch-GBR 2017"]
[Site "Llandudno WLS"]
[Date "2017.08.03"]
[Round "6.11"]
[White "Claridge-Hansen, William"]
[Black "Hebden, Mark L"]
[Result "0-1"]
[WhiteTitle "FM"]
[BlackTitle "GM"]
[WhiteElo "2267"]
[BlackElo "2477"]
[WhiteFideId "422509"]
[BlackFideId "400084"]
[EventDate "2017.07.29"]

1. c4 g6 2. g3 Bg7 3. Bg2 Nf6 4. Nc3 O-O 5. e4 c5 6. Nge2 Nc6 7. a3 Ne8 8. Rb1
Nc7 9. b4 d6 10. d3 b6 11. O-O Rb8 12. Be3 Nd4 13. h3 f5 14. f4 Bd7 15. exf5
gxf5 16. Bf2 e6 17. Qd2 Kh8 18. Kh2 Qf6 19. bxc5 bxc5 20. Nxd4 cxd4 21. Ne2 e5
22. Qa5 Ne6 23. Qxa7 Rbd8 24. Qb6 Ba4 25. Qb2 e4 26. dxe4 d3 27. Qxf6 Bxf6 28.
Ng1 fxe4 29. Bxe4 Nc5 30. Bf3 Bc2 31. Rb5 Rfe8 32. Bd1 Ne4 33. Bh5 d2 34. Rd5
Bb3 35. Bxe8 Bxc4 36. Rxd2 Bxf1 37. Rd1 Ba6 38. Bd4 Bxd4 39. Bc6 Bxg1+ 40. Rxg1
d5 41. Rd1 Nc3 42. Rd4 Rd6 43. Be8 Bc4 44. f5 Kg7 45. g4 Kf6 46. h4 Ke5 47. Rd2
d4 48. Kg2 Bd5+ 49. Kf1 Rb6 50. Rc2 Rb1+ 51. Kf2 Bb3 52. f6 Kxf6 0-1

[Event "104th ch-GBR 2017"]
[Site "Llandudno WLS"]
[Date "2017.08.03"]
[Round "6.12"]
[White "Toma, Katarzyna"]
[Black "Williams, Simon K"]
[Result "1/2-1/2"]
[WhiteTitle "WGM"]
[BlackTitle "GM"]
[WhiteElo "2252"]
[BlackElo "2442"]
[WhiteFideId "1119907"]
[BlackFideId "404454"]
[EventDate "2017.07.29"]

1. e4 e6 2. d4 d5 3. Nc3 Nf6 4. Bg5 dxe4 5. Nxe4 Be7 6. Nxf6+ Bxf6 7. Bxf6 Qxf6
8. Nf3 O-O 9. Qd2 b6 10. O-O-O Bb7 11. Ne5 c5 12. Qe3 cxd4 13. Rxd4 Nc6 14. Nxc6
Bxc6 15. f3 e5 16. Rd2 Qe6 17. Qa3 Rfd8 18. Rxd8+ Rxd8 19. Bd3 a5 20. Rd1 g6 21.
Qc3 Rd4 22. Re1 Qd6 23. a3 f6 24. Qb3+ Bd5 25. Qb5 Bf7 26. Re4 Rd5 27. Qa6 f5
28. Re1 Rd4 29. g3 Kg7 30. Qb7 Kf6 31. Qc8 Kg7 32. Qb7 h5 33. h4 e4 34. fxe4
Qxg3 35. Re2 f4 36. e5 f3 37. e6 Qf4+ 38. Rd2 Rxd3 39. Qxf7+ Qxf7 40. exf7 Re3
41. Rf2 Kxf7 42. Kd2 Re4 43. Rxf3+ Kg7 44. Rb3 Rxh4 45. Rxb6 Re4 46. b4 h4 47.
bxa5 Ra4 48. a6 Rxa3 49. Rb7+ Kh6 50. a7 g5 51. Ke2 g4 52. Rb6+ Kg5 53. Rb5+ Kf6
54. Rb6+ Ke5 55. Rb5+ Kd6 56. Rb4 Rxa7 57. Rxg4 Rh7 58. Kf2 Ke5 59. Kg2 1/2-1/2

[Event "104th ch-GBR 2017"]
[Site "Llandudno WLS"]
[Date "2017.08.03"]
[Round "6.13"]
[White "Ward, Chris G"]
[Black "Rudd, Jack"]
[Result "1/2-1/2"]
[WhiteTitle "GM"]
[BlackTitle "IM"]
[WhiteElo "2441"]
[BlackElo "2252"]
[WhiteFideId "400203"]
[BlackFideId "405736"]
[EventDate "2017.07.29"]

1. d4 Nf6 2. c4 g6 3. Nc3 Bg7 4. e4 d6 5. Nge2 O-O 6. Ng3 c5 7. d5 e6 8. Be2
exd5 9. cxd5 Na6 10. O-O Nc7 11. a4 b6 12. Bg5 a6 13. f4 h6 14. Bh4 Qe8 15. e5
dxe5 16. d6 Ne6 17. fxe5 Nd7 18. Be7 Bxe5 19. Kh1 Bd4 20. Bf3 Ra7 21. Bc6 Bb7
22. Bxb7 Rxb7 23. Qf3 Ra7 24. Rae1 Qa8 25. Bxf8 Qxf3 26. Rxf3 Ndxf8 27. Nd5 b5
28. axb5 axb5 29. Ra3 Rd7 30. Ne4 Kg7 31. Ra6 c4 32. Rb1 Rb7 33. Rc6 Nd7 34. b3
Ne5 35. Rc7 Ra7 36. Rxa7 Bxa7 37. bxc4 bxc4 38. Rb7 Bd4 39. d7 Nc6 40. g3 Ned8
41. Rb1 Ne5 42. Rb8 Nec6 43. Rc8 Kf8 44. Kg2 c3 45. Nexc3 Bxc3 46. Nxc3 Ke7 47.
Rc7 Ne5 48. Ne4 Ne6 49. d8=Q+ Kxd8 50. Ra7 Ke8 51. h3 h5 52. Kf2 Kf8 53. Ke3
Nc4+ 54. Kd3 Ne5+ 55. Ke3 Nc4+ 56. Ke2 Kg7 57. Ra4 Ne5 58. Ke3 Nc6 59. Nd6 Ncd8
60. Ra8 Kf6 61. Ra7 Nf8 62. Ke4 Ke6 63. Ra6 Ke7 64. Kd5 Nh7 65. Ra7+ Kf8 66. Rc7
Kg7 67. Ne8+ Kf8 68. Nd6 Kg7 69. Rc8 Nf6+ 70. Kc4 Ne6 71. Ra8 Ng5 72. Kd4 Nxh3
73. Ra7 Ng5 74. Ke5 Ng4+ 75. Kf4 Ne6+ 76. Ke4 Ng5+ 77. Kf4 Ne6+ 78. Ke4 Ng5+ 79.
Kf4 1/2-1/2

[Event "104th ch-GBR 2017"]
[Site "Llandudno WLS"]
[Date "2017.08.03"]
[Round "6.14"]
[White "Arkell, Keith C"]
[Black "Richardson, John R"]
[Result "1-0"]
[WhiteTitle "GM"]
[BlackTitle "FM"]
[WhiteElo "2424"]
[BlackElo "2237"]
[WhiteFideId "400270"]
[BlackFideId "401617"]
[EventDate "2017.07.29"]

1. Nf3 Nf6 2. c4 e6 3. Nc3 d5 4. cxd5 exd5 5. d4 Be7 6. Bg5 O-O 7. e3 c6 8. Bd3
Nbd7 9. Qc2 h6 10. Bh4 Nh5 11. Bxe7 Qxe7 12. O-O Nhf6 13. Nh4 Nb6 14. Nf5 Bxf5
15. Bxf5 Nc4 16. Bd3 Nd6 17. b4 b5 18. a4 a6 19. Ne2 Nc4 20. Qc3 Ne4 21. Bxe4
Qxe4 22. Nc1 Rae8 23. Nb3 Qg4 24. Nc5 Qc8 25. Rfe1 Re7 26. Qc2 Rfe8 27. Qd1 g6
28. Qf3 Kg7 29. Ra2 f5 30. g3 Rf7 31. Rea1 Ree7 32. h4 Nd6 33. axb5 axb5 34. Qf4
Ne8 35. Ra8 Qc7 36. Qxc7 Nxc7 37. Rc8 g5 38. Ra7 Kf6 39. hxg5+ hxg5 40. Nd3 f4
41. gxf4 gxf4 42. Nxf4 Kf5 43. Kf1 Rh7 44. Rf8+ Kg4 45. Ke2 Ne8 46. Rxe7 Rxe7
47. Ng6 Re6 48. Ne5+ Kh5 49. Nxc6 Rxc6 50. Rxe8 Rc4 51. Kf3 Rxb4 52. Re5+ Kg6
53. Rxd5 Kf6 54. Ke4 Rb1 55. f4 b4 56. Rb5 b3 57. f5 1-0

[Event "104th ch-GBR 2017"]
[Site "Llandudno WLS"]
[Date "2017.08.03"]
[Round "6.15"]
[White "Willmoth, Robert F"]
[Black "Hunt, Adam C"]
[Result "0-1"]
[WhiteTitle "CM"]
[BlackTitle "IM"]
[WhiteElo "2211"]
[BlackElo "2424"]
[WhiteFideId "402540"]
[BlackFideId "403970"]
[EventDate "2017.07.29"]

1. d4 Nf6 2. c4 g6 3. g3 Bg7 4. Bg2 d6 5. Nf3 O-O 6. O-O Nc6 7. Nc3 Rb8 8. h3 a6
9. Bd2 b5 10. d5 Na5 11. cxb5 axb5 12. Nxb5 Nxd5 13. Na7 Bb7 14. Bxa5 Ra8 15. e4
Rxa7 16. Bd2 Nb6 17. Qc2 c5 18. Rfe1 Qa8 19. a3 Ra4 20. Nh2 Rb8 21. Ra2 Nd7 22.
Bc1 Bc6 23. b3 Ra6 24. Nf1 Nf8 25. Nd2 Ne6 26. Qd1 Rab6 27. Bf1 d5 28. exd5 Bxd5
29. Bc4 Bxc4 30. bxc4 Rd8 31. Qf3 Qa4 32. Qe3 Rbd6 33. Qb3 Qa8 34. Qe3 Rd3 35.
Qe4 Qb8 36. a4 Bc3 37. Rd1 Ng5 38. Qxe7 Bxd2 39. Bxd2 Rxd2 40. Rdxd2 Nf3+ 41.
Kg2 Nxd2 42. Qe2 Qa8+ 43. f3 Nb3 44. Qe3 Nd4 45. a5 Qa6 46. Qc1 Rb8 47. h4 Rb3
48. Ra3 Qb7 49. Rxb3 Qxb3 50. Qf4 h5 51. g4 hxg4 52. Qxg4 Qxc4 53. Qe4 Qa2+ 54.
Kh3 Qe6+ 55. Kg3 Qxe4 56. fxe4 Kf8 57. Kf4 Ke7 58. a6 Nc6 59. Ke3 Kd6 60. Kd2
Kc7 0-1

[Event "104th ch-GBR 2017"]
[Site "Llandudno WLS"]
[Date "2017.08.03"]
[Round "6.16"]
[White "McPhillips, Joseph"]
[Black "Golding, Alex"]
[Result "1-0"]
[WhiteTitle "FM"]
[WhiteElo "2400"]
[BlackElo "2222"]
[WhiteFideId "422487"]
[BlackFideId "427241"]
[EventDate "2017.07.29"]

1. e4 e5 2. Nf3 Nc6 3. d4 exd4 4. Nxd4 Bc5 5. Nxc6 bxc6 6. Bd3 Ne7 7. Nc3 d5 8.
O-O Be6 9. e5 Rb8 10. Na4 Bd4 11. Re1 Ng6 12. c3 Bxe5 13. Qh5 Qd6 14. Bxg6 Bxh2+
15. Qxh2 Qxh2+ 16. Kxh2 hxg6+ 17. Kg1 Rb5 18. b3 Kd8 19. Be3 a5 20. Bd4 Re8 21.
Nc5 Bf5 22. Rxe8+ Kxe8 23. Re1+ Kf8 24. f3 f6 25. g4 Bc8 26. Kf2 Kf7 27. Ke3 g5
28. Kd2 Rb8 29. Rh1 Kg8 30. a4 Ra8 31. Kd3 Rb8 32. Kc2 Ra8 33. b4 Rb8 34. bxa5
Ra8 35. a6 Kf7 36. Rh8 Bf5+ 37. gxf5 Rxh8 38. a7 Ke7 39. Na6 1-0